=LDR 00000nam 2200000 4500 =001 INLIS000000000044726 =005 20200916020319 =035 ##$$a 0010-101300000002648 =008 200916################g##########0#ind## =041 ##$$a Ind =082 ##$$a 2X6.1 =090 ##$$a 2X6.1, Kam i =100 ##$$a Kamal, Adnan Mustopa =245 1#$$a Indahnya Kesukses dan Kebahagiaan Bersama Allah, /$c Adnan Mustopa Kamal, Dr. Hj. Sri Astuti, M.Pd =260 ##$$a Jakarta :$b Rabitha Press,$c 2010 =300 ##$$a 268 hlm, ; $c 15 x 21 cm =850 ##$$a NNT-CD =020 ##$$a 978-860-280-291-5-5 =084 ##$$a 2X6.1 KAM i =990 ##$$a 21105372/pb.2011